| 000 | 00000nam##2200000za#4500 |
| 001 | 9.686125 |
| 003 | CaOODSP |
| 005 | 20210624230408 |
| 007 | cr ||||||||||| |
| 008 | 150407|2001||||xxc|||||o f|0| 0 eng|d |
| 020 | |a0-662-30496-9 |
| 040 | |aCaOODSP|beng |
| 043 | |an-cn--- |
| 086 | 1 |aT22-90/2004-1E-IN |
| 110 | 1 |aCanada. |bTransport Canada. |
| 245 | 10|aLooking to the new millennium : |h[electronic resource]|bTransport Canada 2001-2004 business plan - an update |
| 260 | |aOttawa - Ontario : |bTransport Canada |cc2001. |
| 300 | |a40p.|breferences, tables |
| 500 | |aThe catalogue number (T22-90/2004-1) and ISBN (0-662-65801-9) for the bilingual print edition have been incorrectly copied in this electronic publication. |
| 590 | |a12-14-Supp|b2012-04-10 |
| 690 | 07|aFuture|2gcpds |
| 690 | 07|aManagement|2gcpds |
| 690 | 07|aTransport industry|2gcpds |
| 775 | 08|tCap sur le nouveau millénaire : |w(CaOODSP)9.630547 |
| 776 | 0#|tLooking to the new millennium : |w(CaOODSP)9.662839 |
| 776 | 0#|tCap sur le nouveau millénaire : |w(CaOODSP)9.662840 |
| 856 | 40|ahttp://publications.gc.ca|qPDF|s3.00 MB|uhttps://publications.gc.ca/collections/Collection/T22-90-2004-1E.pdf |